[Event "Gothenburg op"]
[Site "Gothenburg"]
[Date "2022.08.13"]
[Round "5"]
[White "Johansson, William"]
[Black "Heimisson, Hilmir Freyr"]
[Result "0-1"]
[WhiteElo "2015"]
[BlackElo "2323"]
[PlyCount "70"]
[EventDate "2022.08.12"]
[EventType "swiss"]
[EventRounds "8"]
[EventCountry "SWE"]
[SourceTitle "CBM 209 Extra"]
[Source "ChessBase"]
[SourceDate "2022.09.30"]
[SourceVersion "1"]
[SourceVersionDate "2022.09.30"]
[SourceQuality "1"]

1. d4 Nf6 2. Nf3 d5 3. c3 e6 4. Bf4 c5 5. e3 Nc6 6. Nbd2 cxd4 7. exd4 Nh5 8. Bg3 Nxg3 9. hxg3 Bd6 10. Bd3 h6 11. g4 Qe7 12. Qe2 Bd7 13. Ne5 0-0-0 14. Ndf3 Kb8 15. Nxc6+ Bxc6 16. Ne5 Qc7 17. Nxc6+ Qxc6 18. 0-0-0 Rc8 19. Kb1 Rhd8 20. g5 hxg5 21. Rh7 Bf8 22. Qe5+ Rc7 23. Qxg5 Rdc8 24. Rhh1 Qb6 25. Ka1 Qa5 26. Qd2 b5 27. Qc2 b4 28. Qb3 Ka8 29. cxb4 Bxb4 30. Kb1 Rb8 31. Rc1 Bc3 32. Rh8 Rxh8 33. Rxc3 Rxc3 34. Qxc3 Qxc3 35. bxc3 Rh2 0-1

[Event "Gothenburg op"]
[Site "Gothenburg"]
[Date "2022.08.12"]
[Round "3"]
[White "Johansson, William"]
[Black "Sundin, Sven Ingvar"]
[Result "1-0"]
[WhiteElo "2015"]
[BlackElo "1637"]
[PlyCount "63"]
[EventDate "2022.08.12"]
[EventType "swiss"]
[EventRounds "8"]
[EventCountry "SWE"]
[SourceTitle "CBM 209 Extra"]
[Source "ChessBase"]
[SourceDate "2022.09.30"]
[SourceVersion "1"]
[SourceVersionDate "2022.09.30"]
[SourceQuality "1"]

1. d4 Nf6 2. Nf3 d5 3. c3 e6 4. Bf4 Bd6 5. e3 b6 6. Bb5+ c6 7. Bd3 Bb7 8. Nbd2 0-0 9. 0-0 c5 10. Ne5 Nc6 11. Bg3 Ne7 12. f4 Nf5 13. Bf2 Be7 14. g4 Nd6 15. Bh4 Nfe4 16. Bxe7 Qxe7 17. Bxe4 Nxe4 18. Rf3 f6 19. Nd3 c4 20. Nf2 b5 21. Nfxe4 dxe4 22. Rg3 f5 23. g5 g6 24. h4 Bc6 25. b3 cxb3 26. axb3 a5 27. c4 bxc4 28. Nxc4 Bd5 29. Ne5 Bxb3 30. Qxb3 Rfb8 31. Qa2 a4 32. Nc6 1-0

[Event "Uppsala Young Champions 8th"]
[Site "Uppsala"]
[Date "2021.11.01"]
[Round "5"]
[White "Johansson, William"]
[Black "Buchert, Matthaus"]
[Result "1-0"]
[WhiteElo "1998"]
[BlackElo "1408"]
[PlyCount "115"]
[EventDate "2021.10.29"]
[EventType "swiss"]
[EventRounds "9"]
[EventCountry "SWE"]
[SourceTitle "CBM 205 Extra"]
[Source "ChessBase"]
[SourceDate "2022.01.31"]
[SourceVersion "1"]
[SourceVersionDate "2022.01.31"]
[SourceQuality "1"]

1. b3 d5 2. Bb2 Bg4 3. Nf3 Bxf3 4. gxf3 e6 5. e3 Nf6 6. Rg1 g6 7. d4 Bg7 8. Ba3 Nbd7 9. Nc3 c5 10. Qd2 Rc8 11. Nb5 Qb6 12. b4 c4 13. Nc3 Qd6 14. Ne2 a5 15. c3 b5 16. 0-0-0 Ra8 17. Bg2 Nb8 18. Qb2 Bf8 19. e4 Nfd7 20. Rde1 Nc6 21. exd5 exd5 22. Nf4+ Kd8 23. Nxd5 Qxd5 24. f4 Qd6 25. Re5 Ndxe5 26. dxe5 Qc7 27. Qd2+ Kc8 28. Rd1 Ra6 29. Qd5 Be7 30. Bh3+ Kb7 31. Qxb5+ Rb6 32. Qxc4 Rd8 33. Re1 Na7 34. Bg2+ Kb8 35. Qb3 Rd3 36. Bb2 axb4 37. Qc2 Qc4 38. Re4 Rxc3 39. Rxc4 Rxc2+ 40. Kxc2 Nb5 41. Bd5 Nc7 42. Bxf7 Bh4 43. Bd4 Rb7 44. e6 Nd5 45. Be5+ Ka7 46. Rc5 Ne7 47. Rc7 Rxc7+ 48. Bxc7 Bxf2 49. Bd6 Bh4 50. Kb3 Kb6 51. Kxb4 Be1+ 52. Kc4 Bh4 53. a4 Ka5 54. Be8 Bf6 55. Kc5 Nc8 56. Bb5 Bh4 57. Bc7+ Nb6 58. Bxb6# 1-0

[Event "Uppsala Young Champions 8th"]
[Site "Uppsala"]
[Date "2021.11.01"]
[Round "6"]
[White "Muntean, Victor"]
[Black "Johansson, William"]
[Result "1-0"]
[WhiteElo "1864"]
[BlackElo "1998"]
[PlyCount "121"]
[EventDate "2021.10.29"]
[EventType "swiss"]
[EventRounds "9"]
[EventCountry "SWE"]
[SourceTitle "CBM 205 Extra"]
[Source "ChessBase"]
[SourceDate "2022.01.31"]
[SourceVersion "1"]
[SourceVersionDate "2022.01.31"]
[SourceQuality "1"]

1. e4 c6 2. d4 d5 3. exd5 cxd5 4. c4 Nf6 5. Nc3 e6 6. Nf3 Nc6 7. Be2 Bb4 8. 0-0 h6 9. a3 Bxc3 10. bxc3 Ne4 11. Qc2 0-0 12. Bd3 Nd6 13. c5 Nf5 14. Bxf5 exf5 15. Bf4 Re8 16. Rfe1 Re4 17. Bd6 Qe8 18. Qb2 Qe6 19. Kf1 b6 20. Qb5 Bd7 21. Qb1 Bc8 22. Nd2 Ba6+ 23. Kg1 Rxe1+ 24. Qxe1 Re8 25. Nf3 Na5 26. Qxe6 Rxe6 27. Ne5 Nc4 28. Bb8 Nxe5 29. dxe5 bxc5 30. Bxa7 Rc6 31. Rd1 Bc4 32. Rb1 Rc7 33. Rb8+ Kh7 34. Bb6 Rc6 35. f4 g5 36. g3 gxf4 37. gxf4 Kg6 38. a4 f6 39. a5 fxe5 40. fxe5 Re6 41. Bxc5 Rxe5 42. a6 Re1+ 43. Kf2 Re2+ 44. Kg3 Bxa6 45. Rb6+ Kg5 46. h4+ Kh5 47. Rxa6 f4+ 48. Kxf4 Re4+ 49. Kf5 Kxh4 50. Rxh6+ Kg3 51. Bd4 Kf3 52. Rd6 Ke2 53. Re6 Kd3 54. Re5 Rh4 55. Rxd5 Kc4 56. Rc5+ Kd3 57. Be5 Rh5+ 58. Ke6 Ke4 59. Rc4+ Kd3 60. Rd4+ Ke3 61. c4 1-0

[Event "Uppsala Young Champions 8th"]
[Site "Uppsala"]
[Date "2021.10.30"]
[Round "2"]
[White "Johansson, William"]
[Black "Ostensson, Julia"]
[Result "1/2-1/2"]
[WhiteElo "1998"]
[BlackElo "1687"]
[PlyCount "120"]
[EventDate "2021.10.29"]
[EventType "swiss"]
[EventRounds "9"]
[EventCountry "SWE"]
[SourceTitle "CBM 205 Extra"]
[Source "ChessBase"]
[SourceDate "2022.01.31"]
[SourceVersion "1"]
[SourceVersionDate "2022.01.31"]
[SourceQuality "1"]

1. d4 Nf6 2. Bg5 g6 3. Bxf6 exf6 4. e3 Bg7 5. g3 d5 6. Bg2 c6 7. Ne2 0-0 8. 0-0 Re8 9. Nf4 h5 10. c4 dxc4 11. Nc3 Nd7 12. a4 Qb6 13. Qe2 a5 14. Qxc4 Qa6 15. Qa2 Nf8 16. Rfd1 Ne6 17. Bf1 Qb6 18. Bc4 Qc7 19. Nxe6 fxe6 20. e4 Kh7 21. d5 e5 22. Rac1 Bg4 23. Rd3 Bh6 24. Rc2 Rad8 25. Bb3 Qb6 26. d6 Rd7 27. Kg2 Rg7 28. Bf7 Rd8 29. h3 Bd7 30. Be6 Qb4 31. Qc4 Qb6 32. Rf3 Rf8 33. Bxd7 Rxd7 34. Qe6 Qd8 35. Qb3 Qc8 36. Nb5 Qb8 37. Na3 Qxd6 38. Nc4 Qc7 39. Qc3 Rd4 40. Re2 b6 41. b3 Rc8 42. Rxf6 Qe7 43. Qf3 Rf8 44. Rxf8 Bxf8 45. Nxe5 Qxe5 46. Qxf8 Rxe4 47. Qf7+ Kh6 48. Rd2 Re1 49. Qf3 Qe4 50. Qxe4 Rxe4 51. Kf3 Rb4 52. Rd3 b5 53. axb5 cxb5 54. Ke2 a4 55. bxa4 bxa4 56. Ra3 Rb2+ 57. Kf1 Rb4 58. h4 g5 59. hxg5+ Kxg5 60. Kg2 h4 1/2-1/2

[Event "IBCA Wch Blind and Visually imp U22"]
[Site "Solec Zdroj"]
[Date "2018.08.16"]
[Round "3.2"]
[White "Johansson, William"]
[Black "Eichstaedt, Mirko"]
[Result "0-1"]
[WhiteElo "1448"]
[BlackElo "2190"]
[PlyCount "88"]
[EventDate "2018.08.14"]
[EventType "swiss"]
[EventRounds "9"]
[EventCountry "POL"]
[SourceTitle "EXT 2024"]
[Source "ChessBase"]
[SourceDate "2023.10.10"]
[SourceVersion "1"]
[SourceVersionDate "2023.10.10"]
[SourceQuality "1"]

1. d4 d5 2. Bf4 Nf6 3. e3 e6 4. Bd3 Bd6 5. Bg3 0-0 6. Nd2 b6 7. c3 Ba6 8. Bxa6 Nxa6 9. Qe2 Nb8 10. Ngf3 c5 11. Bxd6 Qxd6 12. 0-0 Nc6 13. Rad1 e5 14. dxe5 Nxe5 15. Nxe5 Qxe5 16. Nf3 Qh5 17. Rd3 Rae8 18. Rfd1 Re4 19. Qc2 Rfe8 20. b3 b5 21. h3 Qf5 22. Qe2 h6 23. Nh2 h5 24. Qf3 Qe6 25. a3 Qa6 26. Nf1 R4e5 27. Ng3 h4 28. Ne2 Qxa3 29. Nf4 Qxb3 30. Nxd5 Nxd5 31. Rxd5 Qxc3 32. Rd7 Qb3 33. R1d5 Qb1+ 34. Kh2 Qg6 35. Rxe5 Rxe5 36. Rd8+ Kh7 37. Qa8 Qf6 38. Rh8+ Kg6 39. Qg8 Qxf2 40. Qh7+ Kf6 41. Qd3 Qg3+ 42. Kg1 Rxe3 43. Qf1+ Kg6 44. Qb1+ f5 0-1

[Event "IBCA Wch Blind and Visually imp U22"]
[Site "Solec Zdroj"]
[Date "2018.08.15"]
[Round "2.5"]
[White "Garanin, Danil"]
[Black "Johansson, William"]
[Result "0-1"]
[WhiteElo "1565"]
[BlackElo "1448"]
[PlyCount "104"]
[EventDate "2018.08.14"]
[EventType "swiss"]
[EventRounds "9"]
[EventCountry "POL"]
[SourceTitle "EXT 2024"]
[Source "ChessBase"]
[SourceDate "2023.10.10"]
[SourceVersion "1"]
[SourceVersionDate "2023.10.10"]
[SourceQuality "1"]

1. c4 Nf6 2. Nf3 c6 3. b3 d5 4. Bb2 Bf5 5. d3 e6 6. Nbd2 Bd6 7. Ne5 Qc7 8. f4 0-0 9. Ndf3 Bb4+ 10. Nd2 Ng4 11. Nxg4 Bxg4 12. a3 Bc5 13. g3 Qb6 14. Bg2 Bg1 15. d4 Bxd4 16. Bxd4 Qxd4 17. Rc1 Nd7 18. Nf3 Qxd1+ 19. Rxd1 Rfe8 20. 0-0 Nf6 21. Rd2 Ne4 22. Rb2 Rad8 23. Ne5 Nf6 24. e4 dxe4 25. Nxg4 Nxg4 26. Bxe4 Nf6 27. Bf3 Rd4 28. Rd1 Red8 29. Rxd4 Rxd4 30. Kf2 Kf8 31. Ke3 Rd7 32. g4 Rd6 33. b4 b6 34. Rc2 c5 35. b5 Rd4 36. g5 Ne8 37. Be4 Nd6 38. Bd3 Nf5+ 39. Bxf5 exf5 40. Rc3 Ke7 41. h4 f6 42. Kf3 fxg5 43. hxg5 h6 44. gxh6 gxh6 45. Kg3 Kf6 46. Kf3 h5 47. Kg3 h4+ 48. Kxh4 Rxf4+ 49. Kg3 Rg4+ 50. Kf3 Ke5 51. a4 Kd4 52. Re3 Rg3+ 0-1

[Event "IBCA Wch Blind and Visually imp U22"]
[Site "Solec Zdroj"]
[Date "2018.08.14"]
[Round "1.4"]
[White "Johansson, William"]
[Black "Mendez Manturano, Miguel Eduardo"]
[Result "1-0"]
[WhiteElo "1448"]
[BlackElo "1774"]
[PlyCount "83"]
[EventDate "2018.08.14"]
[EventType "swiss"]
[EventRounds "9"]
[EventCountry "POL"]
[SourceTitle "EXT 2024"]
[Source "ChessBase"]
[SourceDate "2023.10.10"]
[SourceVersion "1"]
[SourceVersionDate "2023.10.10"]
[SourceQuality "1"]

1. d4 d5 2. Bf4 Nf6 3. e3 g6 4. c4 c6 5. Nc3 Bg7 6. Be2 Be6 7. Qb3 Qb6 8. c5 Qxb3 9. axb3 Nbd7 10. Nf3 Nh5 11. Bg3 Nxg3 12. hxg3 h6 13. 0-0 0-0 14. b4 b6 15. Bd3 Rfb8 16. Rfb1 a5 17. b5 bxc5 18. bxc6 cxd4 19. exd4 Nf8 20. Nb5 Bf5 21. Bxf5 gxf5 22. Nc7 Ra7 23. Nxd5 e6 24. Nf4 Rb6 25. Rc1 Rc7 26. Rxa5 Rbxc6 27. Rxc6 Rxc6 28. Ne5 Rb6 29. Nfd3 Rb3 30. Ra3 Rb5 31. b3 f6 32. Nc4 Rd5 33. Nf4 Rxd4 34. Nh5 Nd7 35. Ra7 Bh8 36. Ra8+ Kh7 37. Nf4 e5 38. Ne6 Rd1+ 39. Kh2 e4 40. Ra7 Kg6 41. Rxd7 Rxd7 42. Nf8+ 1-0